Aprovechamiento integral de la lectura : séptimo grado

Guardado en:
Detalles Bibliográficos
Autor principal: Giusti de Sánchez, Nilda
Formato: Libro
Lenguaje:español
Publicado: Buenos Aires : 1983
Catálogo:BNM:  Resultados de Búsqueda del Catálogo
Clasificación de libros de texto:
Materias:
Etiquetas: Agregar Etiqueta
Sin Etiquetas, Sea el primero en etiquetar este registro!
Añadido a:1994-02-13
Cambiado en:2022-02-20

MARC

LEADER 00000cam a22000004a 4500
003 AR-BaBNM
005 20220220073229.0
007 ta
008 940214s1983 ag ||||b |||||||||||spa|d
035 |a 000006971 
040 |a AR-BaBNM  |b spa 
080 |a 372.4 
100 1 |a Giusti de Sánchez, Nilda 
245 1 0 |a Aprovechamiento integral de la lectura :  |b séptimo grado /  |c Nilda Giusti de Sánchez 
260 |a Buenos Aires :  |b Centro didáctico,  |c 1983 
300 |a 96 p. :  |b gráfs., cuadros 
500 |a Desarrollo de clases de lectura para 7 grado con guías de actividades, aplicándose un texto unitario y otros de autores varios 
650 4 |a Enseñanza de la lectura  |9 7753  |a Educación primaria  |9 7632 
655 4 |a Libros de texto 
942 |2 udc  |c LIBRO 
999 |c 42613  |d 42613 
999 |c KOHA-OAI-TEST:42613  |d 42613